QCM Les origines des noms des pays - Statistiques

Statistiques générales
  • Ce quiz a été pris 90 fois
    62 depuis la dernière actualisation
  • Le résultat moyen est 12 sur 40
Statistiques - réponses
Question Réponse % Correct
Le Venezuela doit son nom à une ville d'Europe Venise
70%
Le Libéria tient son nom de Du mot libre
60%
La Chine tire son nom de la dynastie des Qin
57%
L'Australie tient son nom de de sa position géographique
57%
La Nouvelle-Zélande porte le nom d'une province des Pays-Bas
53%
Slovaquie et Slovénie font référence au même peuple, les... Slaves
53%
Le mot Japon fait référence au soleil
43%
Malte est la terre... du miel
40%
L'Iran est étymologiquement le pays des... Aryens
37%
Les Bahamas sont le pays des marées basses
37%
Le Cameroun tient son nom... d'un crustacé
37%
Si le mot "stan" signifie "pays" que veut dire le mot "pak" dans Pakistan Pur
37%
Quel pays d'Afrique a un nom évoquant un animal ? Sierra Leone
37%
L'Inde tient son nom de l'Indus
33%
L'Islande est la terre des glaces
30%
Chypre tient son nom du cuivre
30%
Le Luxembourg porte un nom signifiant Petit château
30%
Montenegro signifie "montagne noire" en venitien
30%
Le mot Canada signifie en iroquois village
30%
L'Arabie Saoudite doit son nom au fondateur du royaume
23%
Le mot Irlande tire son nom de la déesse Eriu
23%
Le nom de Hongrie fait référence des honnoghours
23%
"Faso" veut dire "pays" en dioula, et "Burkina" ? Intègres
23%
Quel pays a pour nom un mot-valise (formé à partir de deux autres noms) La Tanzanie
23%
L'île Maurice doit son nom à Maurice de Nassau
23%
La Roumanie est le pays des... Romains
23%
La Thaïlande est le pays des Thaïs, mot qui signifie... être humain
20%
Que veut dire Ethiopie ? Pays des Noirs
20%
Le Guatemala est le pays très boisé
20%
Quel pays ne tire pas son nom de celui de ses premiers habitants ? Autriche
17%
La Pologne est le pays... Des plaines
17%
Zimbabwe en shona veut dire Maisons de pierre
17%
Le Maroc est la terre sacrée
17%
Le nom du Tchad veut dire Grand lac
13%
Le mot Liban signifie à l'origine Lait blanc
13%
En sanscrit, Sri Lanka signifie l'île resplendissante
13%
L'Italie doit son nom... à la présence de bétail
10%
Samoa signifie centre sacré
10%
L'Argentine doit son nom à on l'ignore, peut-être à cause de cadeaux en argent
10%
On nahuatl, le mot Mexihco qui a donné son nom au pays signifie Nombril de la lune
7%
Aucun quiz correspondant
Distribution des résultats
% des personnes avec chaque résultat
Percentile par nombre de réponses
Votre historique - résultats
Vous n’avez pas pris ce quiz depuis la dernière actualisation